| 000 | 00931cab a2200277 4500 | ||
|---|---|---|---|
| 001 | WB2833-39 | ||
| 008 | 090401t1992 xxu||||| |||| 00| 0 eng d | ||
| 035 | _a(Sirsi) u47850 | ||
| 041 | _aeng | ||
| 245 | _aOxford University sues surveyors | ||
| 260 | _c1992 | ||
| 350 | _a0 | ||
| 490 |
_aChartered Surveyor Weekly _v40(8/9) 27 August 1992, 7(1) |
||
| 520 | _aThe surveying firm Chesterton is to be sued by Oxford University which has issued a high court writ claiming damages for alleged professional negligence, in connection with advising on the Colonnades shopping centre, Bath. | ||
| 650 | _aADVICE | ||
| 650 | _aBATH | ||
| 650 | _aBREACH OF CONTRACT | ||
| 650 | _aCOLONNADES SHOOPING CENTRE | ||
| 650 | _aLETTING AGENTS | ||
| 650 | _aNEGLIGENCE | ||
| 650 | _aORAL CONTRACTS | ||
| 650 | _aSURVEYORS | ||
| 690 | _aMANAGEMENT-BUSINESS MANAGEMENT-PROFESSIONAL PRACTICE | ||
| 942 | _n0 | ||
| 948 | _c04/03/1997 | ||
| 999 |
_c30115 _d30115 |
||